| 000 | 00747nam a2200229Ia 4500 | ||
|---|---|---|---|
| 999 |
_c10172 _d10172 |
||
| 003 | 0100 | ||
| 005 | 20180228155129.0 | ||
| 008 | 130303s9999 xx 000 0 und d | ||
| 020 | _a821409433 | ||
| 040 | _cARRUPELIB | ||
| 050 | _aDT791.D45 1990 | ||
| 245 |
_aDemocracy in Botswana: _bthe proceedings of a symposium held in Gaborone, 1-5 August 1988 / |
||
| 260 |
_aAthens _bOhio University Press _c1990 |
||
| 300 | _a296 p. | ||
| 300 | _b 22 cm | ||
| 700 |
_aedited by John Holm and Patrick Molutsi , Holm, John D.Molutsi, PatrickBotswana SocietyUniversity of BotswanaFriedrich-Ebert-Stiftung _939876 |
||
| 942 |
_2lcc _cMONOGRAPH |
||